Ani zomrieť sa tu nedá

Bibliographic Details
Main Author: Šulec, Klaus (Author)
Format: Article
Language:Slovak
Subjects:

MARC

LEADER 00000nab a2200000 a 4500
001 vtls000638037
003 SK-MaSNL
005 20260304094818.0
008 250425c1997 xo 0 slo
015 |a SNBRB19rr/mm-uuuuu 
035 |a CL0638176 
035 |a urn:nbn:sk:snk-abbr6b 
035 |a (urnnbn)urn:nbn:sk:snk:ar-002v3n 
035 |a (uuid)c6d5dde5-dd21-4dfc-8671-9a069dae62bf 
040 |a SNKBUCL  |b slo  |c SNKBUCL  |e AACR2 
041 0 |a slo 
044 |a xo  |c SK 
080 |a 885.4-3  |2 1981 
100 1 |a Šulec, Klaus  |4 aut  |9 1391534 
245 1 0 |a Ani zomrieť sa tu nedá  |c Klaus Šulec 
500 |a Inform. o aut. 
650 0 7 |a poviedky psychologické  |2 snkbucl  |9 893883 
655 7 |a články z novín a časopisov  |2 snkbucl  |9 267496 
773 0 |t Dotyky  |g Roč. 9, č. 5 (1997), s. 6-7 
850 |a Slovenská národná knižnica 
852 |a Slovenská národná knižnica 
958 |a article15 
958 |a OND 
958 |a LX 
958 |a SK 
958 |a RK 
958 |a EUIPO 
992 |a RBX 
999 |c 2829091  |d 2831021